[Event "Lovfalds EMT 18th E"]
[Site "Ringsted"]
[Date "2004.09.18"]
[Round "4"]
[White "Vilsgaard, Lars"]
[Black "Jakobsen, Henning"]
[Result "1-0"]
[WhiteElo "1135"]
[BlackElo "1131"]
[PlyCount "71"]
[EventDate "2004.09.17"]
[EventType "swiss"]
[EventRounds "7"]
[EventCountry "DEN"]
[SourceTitle "EXT 2023"]
[Source "ChessBase"]
[SourceDate "2022.10.05"]
[SourceVersion "1"]
[SourceVersionDate "2022.10.05"]
[SourceQuality "1"]

1. e4 c5 2. Nf3 d6 3. Nc3 Nd7 4. Bb5 a6 5. Bxd7+ Bxd7 6. 0-0 e5 7. d3 Be7 8. h3 Nf6 9. Bg5 h6 10. Bxf6 Bxf6 11. Nd5 Bg5 12. Nxg5 Qxg5 13. Nc7+ Ke7 14. Nxa8 Bxh3 15. Qf3 Bg4 16. Qe3 Rxa8 17. Qxg5+ hxg5 18. f3 Bh5 19. Kf2 Rf8 20. Rh1 g6 21. g4 f5 22. gxh5 fxe4 23. dxe4 g4 24. hxg6 Rxf3+ 25. Ke2 Kf6 26. Raf1 Rf4 27. Rxf4+ exf4 28. Kf2 Kxg6 29. Re1 Kf6 30. Rd1 Ke6 31. Rd5 b5 32. Rg5 g3+ 33. Kf3 Kf6 34. Kxf4 c4 35. Rxg3 Ke6 36. Ra3 1-0

[Event "Lovfalds EMT 16th Basis 3"]
[Site "Ringsted"]
[Date "2002.09.14"]
[Round "3"]
[White "Abdi, Farhad"]
[Black "Vilsgaard, Lars"]
[Result "1/2-1/2"]
[WhiteElo "1312"]
[BlackElo "1127"]
[PlyCount "102"]
[EventDate "2002.09.13"]
[EventType "tourn"]
[EventRounds "5"]
[EventCountry "DEN"]
[SourceTitle "EXT 2023"]
[Source "ChessBase"]
[SourceDate "2022.10.05"]
[SourceVersion "1"]
[SourceVersionDate "2022.10.05"]
[SourceQuality "1"]

1. d4 d5 2. Nf3 Nc6 3. e3 Bg4 4. Be2 Bxf3 5. Bxf3 e6 6. 0-0 Nf6 7. Nd2 Bb4 8. Nb3 0-0 9. Bd2 Bxd2 10. Qxd2 Qd6 11. a3 Rfe8 12. Rac1 Rad8 13. Nc5 Rb8 14. c3 Nd7 15. Nxd7 Qxd7 16. Bd1 Qd6 17. Ba4 b5 18. Bb3 Na5 19. Qc2 c6 20. Ba2 e5 21. b4 Nb7 22. a4 a6 23. a5 e4 24. Qe2 Re6 25. Qg4 Rh6 26. h3 Re8 27. f4 Qe6 28. Qxe6 Rexe6 29. Kf2 f5 30. Bb3 Nd6 31. Rh1 Rhf6 32. h4 h5 33. Rh3 Rg6 34. Bd1 Rh6 35. Rg3 g6 36. Be2 Kf7 37. Rg5 Kf6 38. Rg3 Kf7 39. Rh1 Ne8 40. Rg5 Nf6 41. Rh3 Nh7 42. Rgg3 Nf8 43. Rg5 Rd6 44. Rh1 Kg7 45. Rg3 Kf7 46. Rgh3 Kf6 47. Rg1 Rd7 48. Rh2 Ne6 49. g3 Rg7 50. Rc1 Rc7 51. Rg1 Rg7 1/2-1/2

[Event "Lovsprings op-D 13th"]
[Site "Ringsted"]
[Date "2002.04.19"]
[Round "6"]
[White "Vilsgaard, Lars"]
[Black "Jakobsen, Henning"]
[Result "1-0"]
[WhiteElo "1064"]
[BlackElo "1091"]
[PlyCount "115"]
[EventDate "2002.03.08"]
[EventType "tourn"]
[EventRounds "7"]
[EventCountry "DEN"]
[SourceTitle "EXT 2023"]
[Source "ChessBase"]
[SourceDate "2022.10.05"]
[SourceVersion "1"]
[SourceVersionDate "2022.10.05"]
[SourceQuality "1"]

1. e4 Nc6 2. Nf3 d6 3. d4 Bg4 4. Be2 e5 5. dxe5 Bxf3 6. Bxf3 Nxe5 7. Nc3 Nf6 8. 0-0 Be7 9. Bf4 0-0 10. Bxe5 dxe5 11. Qxd8 Rfxd8 12. Rad1 Bd6 13. Rfe1 Kf8 14. h3 Ke8 15. a3 a6 16. Kf1 b5 17. Nd5 Nxd5 18. Rxd5 c6 19. Rd3 Ra7 20. Red1 Rad7 21. Bg4 Ke7 22. Bxd7 Rxd7 23. Ke2 g6 24. Kf3 f5 25. exf5 gxf5 26. Ke2 Ke6 27. g4 f4 28. f3 h6 29. h4 c5 30. c3 Ke7 31. b4 c4 32. R3d2 Ke6 33. Ra1 Ke7 34. a4 Ke6 35. axb5 axb5 36. Ra5 Rb7 37. Ra8 Rh7 38. Ra5 Rb7 39. Rd1 Be7 40. Ra6+ Kf7 41. Rxh6 Ra7 42. Rc1 Rd7 43. g5 Rd3 44. Rb6 Re3+ 45. Kf2 e4 46. fxe4 Rxe4 47. Kf3 Re6 48. Rxe6 Kxe6 49. Kxf4 Bd6+ 50. Kg4 Be5 51. Rc2 Kf7 52. Kf5 Bg3 53. h5 Kg7 54. h6+ Kh7 55. Kf6 Bf4 56. Re2 Kg8 57. Kg6 Bd6 58. Re8+ 1-0

[Event "Lovsprings op-D 13th"]
[Site "Ringsted"]
[Date "2002.04.01"]
[Round "1"]
[White "Janbazi, Farzad"]
[Black "Vilsgaard, Lars"]
[Result "1/2-1/2"]
[WhiteElo "1046"]
[BlackElo "1064"]
[PlyCount "150"]
[EventDate "2002.03.08"]
[EventType "tourn"]
[EventRounds "7"]
[EventCountry "DEN"]
[SourceTitle "EXT 2023"]
[Source "ChessBase"]
[SourceDate "2022.10.05"]
[SourceVersion "1"]
[SourceVersionDate "2022.10.05"]
[SourceQuality "1"]

1. d4 d5 2. Nf3 Nc6 3. Bf4 Bg4 4. e3 e6 5. Be2 Bf5 6. Ne5 Nxe5 7. dxe5 Be7 8. Nd2 Bg5 9. c3 Bxf4 10. exf4 Qh4 11. Qa4+ c6 12. Nf3 Qe7 13. Nd4 Qc7 14. g4 Bg6 15. f5 exf5 16. gxf5 Bxf5 17. Nxf5 Qxe5 18. Nd4 Ne7 19. 0-0-0 0-0 20. Qc2 Qf4+ 21. Rd2 Qxf2 22. Bd3 Qh4 23. Nf3 Qh6 24. h4 g6 25. Ng5 f5 26. c4 d4 27. Qb3 c5 28. Qxb7 Rfe8 29. Qd7 Qg7 30. Ne6 Qe5 31. Nc7 Rad8 32. Qe6+ Qxe6 33. Nxe6 Rc8 34. h5 Nc6 35. Nxc5 Nb4 36. a3 Nxd3+ 37. Nxd3 Rxc4+ 38. Rc2 Ra4 39. hxg6 hxg6 40. Rc7 Ra6 41. Rch7 Re3 42. Kd2 Rg3 43. Rh8+ Kg7 44. R1h7+ Kf6 45. Rf8+ Kg5 46. Rh2 Re6 47. Rd8 Re4 48. Nf2 Rf4 49. Nh3+ Rxh3 50. Rxh3 Rf2+ 51. Kc1 Rf1+ 52. Kc2 Rf2+ 53. Kb3 Kg4 54. Rd3 f4 55. R8xd4 g5 56. Rd7 a5 57. Ra7 a4+ 58. Rxa4 Kh4 59. Re4 g4 60. Re1 g3 61. Rdd1 Kg4 62. Rg1 Kf3 63. a4 g2 64. Rde1 Kg3 65. a5 Kh2 66. a6 Rf3+ 67. Ka2 Rd3 68. Rc1 Rd8 69. b4 Ra8 70. b5 f3 71. Rgd1 f2 72. Rc2 Kg3 73. Rcc1 Kh2 74. Rc2 Kg3 75. Rcc1 Kh2 1/2-1/2

[Event "Lovsprings op-D 13th"]
[Site "Ringsted"]
[Date "2002.03.22"]
[Round "3"]
[White "Nielsen, Jonas"]
[Black "Vilsgaard, Lars"]
[Result "1-0"]
[WhiteElo "1027"]
[BlackElo "1064"]
[PlyCount "55"]
[EventDate "2002.03.08"]
[EventType "tourn"]
[EventRounds "7"]
[EventCountry "DEN"]
[SourceTitle "EXT 2023"]
[Source "ChessBase"]
[SourceDate "2022.10.05"]
[SourceVersion "1"]
[SourceVersionDate "2022.10.05"]
[SourceQuality "1"]

1. e4 e5 2. Nf3 Nc6 3. Bb5 d6 4. d4 Bd7 5. Nc3 Nf6 6. Bg5 Be7 7. 0-0 0-0 8. dxe5 dxe5 9. Bxc6 Bxc6 10. Nxe5 Qxd1 11. Raxd1 Rfe8 12. Nxc6 bxc6 13. f3 h6 14. Bxf6 Bxf6 15. Na4 Rab8 16. b3 Rb5 17. Rd7 Be5 18. Rfd1 Bd6 19. g3 Kf8 20. f4 Rxe4 21. Nc3 Bc5+ 22. Kf1 Re3 23. Nxb5 cxb5 24. Rxc7 Bb4 25. Rd8+ Re8 26. Rxe8+ Kxe8 27. Rxa7 f6 28. Rb7 1-0

[Event "Lovsprings op 12th D"]
[Site "Ringsted"]
[Date "2001.04.27"]
[Round "7"]
[White "Vilsgaard, Lars"]
[Black "Jakobsen, Henning"]
[Result "1-0"]
[WhiteElo "1129"]
[BlackElo "1069"]
[PlyCount "75"]
[EventDate "2001.03.02"]
[EventType "swiss"]
[EventRounds "7"]
[EventCountry "DEN"]
[SourceTitle "EXT 2023"]
[Source "ChessBase"]
[SourceDate "2022.10.05"]
[SourceVersion "1"]
[SourceVersionDate "2022.10.05"]
[SourceQuality "1"]

1. e4 c5 2. Nf3 d6 3. Be2 Nd7 4. 0-0 Ngf6 5. Nc3 e5 6. Bb5 Be7 7. d3 a6 8. Ba4 b5 9. Bb3 Nb6 10. a3 0-0 11. Be3 Qc7 12. Qd2 Rd8 13. Ng5 d5 14. Qc1 c4 15. Ba2 d4 16. Bxd4 exd4 17. Ne2 Ng4 18. g3 Bxg5 19. Qxg5 h6 20. Qd2 Ne5 21. f4 Bh3 22. fxe5 Bxf1 23. Rxf1 Qxe5 24. Rf5 Qe7 25. Qf4 Rf8 26. Nxd4 Rad8 27. Nc6 Qc5+ 28. Rxc5 Rde8 29. dxc4 Nd7 30. Rd5 Nf6 31. e5 Nxd5 32. cxd5 Kh7 33. d6 Rc8 34. Bd5 a5 35. d7 Rc7 36. e6 fxe6 37. Be4+ Kg8 38. Qxc7 1-0

[Event "Lovsprings op 12th D"]
[Site "Ringsted"]
[Date "2001.03.23"]
[Round "4"]
[White "Vilsgaard, Lars"]
[Black "Nielsen, Jonas"]
[Result "1-0"]
[WhiteElo "1129"]
[BlackElo "1000"]
[PlyCount "127"]
[EventDate "2001.03.02"]
[EventType "swiss"]
[EventRounds "7"]
[EventCountry "DEN"]
[SourceTitle "EXT 2023"]
[Source "ChessBase"]
[SourceDate "2022.10.05"]
[SourceVersion "1"]
[SourceVersionDate "2022.10.05"]
[SourceQuality "1"]

1. e4 c6 2. Nf3 d5 3. exd5 cxd5 4. d4 Nf6 5. Nc3 Bg4 6. Bg5 Nc6 7. Bxf6 gxf6 8. Bb5 Bh6 9. 0-0 0-0 10. Bxc6 bxc6 11. Qd3 Kh8 12. Rfe1 Rg8 13. Nh4 Bg5 14. Nf5 e6 15. Ne3 Bh3 16. g3 Rb8 17. b3 Bxe3 18. Qxe3 Bf5 19. Qd2 Qd6 20. Nd1 c5 21. dxc5 Qxc5 22. Ne3 Bh3 23. Rad1 Qc6 24. Qd4 e5 25. Qxd5 Rbc8 26. Qxc6 Rxc6 27. f3 f5 28. c4 f4 29. Nf1 Bxf1 30. Kxf1 fxg3 31. hxg3 Rxg3 32. Kf2 Rg5 33. Rd7 Ra6 34. a4 Rf5 35. Rg1 h5 36. Ke3 Rf4 37. Rg5 f6 38. Rxh5+ Kg8 39. Rhh7 Rb6 40. Rhg7+ Kh8 41. Rb7 f5 42. Rge7 Rxb7 43. Rxb7 Rd4 44. Rxa7 f4+ 45. Ke2 e4 46. Ra8+ Kg7 47. fxe4 Rxe4+ 48. Kf3 Re3+ 49. Kxf4 Rxb3 50. a5 Rb4 51. Rc8 Ra4 52. Rc5 Kf7 53. Ke5 Ke7 54. Kd5 Kd7 55. Rb5 Kc7 56. Kd4 Kc6 57. Kc3 Ra3+ 58. Kb4 Re3 59. Rb6+ Kc7 60. Rh6 Re1 61. a6 Rb1+ 62. Kc5 Rd1 63. Rh7+ Rd7 64. Rxd7+ 1-0

[Event "Lovfalds 08th G"]
[Site "Ringsted"]
[Date "1994.09.16"]
[Round "3"]
[White "Rasmussen, Kasper Ammitzboll"]
[Black "Vilsgaard, Lars"]
[Result "0-1"]
[WhiteElo "1000"]
[BlackElo "1121"]
[PlyCount "88"]
[EventDate "1994.09.02"]
[EventType "swiss"]
[EventRounds "5"]
[EventCountry "DEN"]
[SourceTitle "EXT 2023"]
[Source "ChessBase"]
[SourceDate "2022.10.05"]
[SourceVersion "1"]
[SourceVersionDate "2022.10.05"]
[SourceQuality "1"]

1. e4 e5 2. Nf3 Nc6 3. Bb5 d6 4. 0-0 Bd7 5. Nc3 a6 6. Bxc6 Bxc6 7. d3 h6 8. Be3 Nf6 9. d4 Nxe4 10. Nxe4 Bxe4 11. dxe5 Bxf3 12. Qxf3 dxe5 13. Qxb7 Bd6 14. Qc6+ Ke7 15. Bc5 Qb8 16. Bxd6+ cxd6 17. b3 Rc8 18. Qe4 Qb6 19. Qh4+ f6 20. c4 Qb4 21. Qg4 Rg8 22. Rfb1 Rac8 23. a3 Qc5 24. Rc1 d5 25. h3 d4 26. b4 Qa7 27. b5 axb5 28. cxb5 Rxc1+ 29. Rxc1 Qxa3 30. Rb1 Qa8 31. b6 Qb7 32. f3 Kf7 33. Qe4 Qxe4 34. fxe4 Rb8 35. Kf2 Ke7 36. Ke2 Kd6 37. Kd3 g6 38. Kc4 Kc6 39. Kd3 Rxb6 40. Rc1+ Kd6 41. g4 Rb3+ 42. Kc4 Rxh3 43. Ra1 Rc3+ 44. Kb5 Rc6 0-1

[Event "Lovfalds 08th G"]
[Site "Ringsted"]
[Date "1994.09.02"]
[Round "1"]
[White "Schmidt, Hans Christian"]
[Black "Vilsgaard, Lars"]
[Result "1/2-1/2"]
[WhiteElo "1102"]
[BlackElo "1121"]
[PlyCount "47"]
[EventDate "1994.09.02"]
[EventType "swiss"]
[EventRounds "5"]
[EventCountry "DEN"]
[SourceTitle "EXT 2023"]
[Source "ChessBase"]
[SourceDate "2022.10.05"]
[SourceVersion "1"]
[SourceVersionDate "2022.10.05"]
[SourceQuality "1"]

1. e4 e5 2. Nf3 Nc6 3. Bb5 d6 4. d4 Bd7 5. dxe5 Nxe5 6. Bxd7+ Qxd7 7. Nxe5 dxe5 8. Qxd7+ Kxd7 9. 0-0 Nf6 10. Rd1+ Ke6 11. Nc3 Bb4 12. Nb5 Bd6 13. Nc3 h6 14. b3 a6 15. Rf1 Rhd8 16. f3 Rd7 17. Bb2 c6 18. Kh1 Rad8 19. Na4 Rb8 20. Nb6 Rdd8 21. Rad1 Nd7 22. Nc4 Bc7 23. f4 f6 24. f5+ 1/2-1/2